000 00698nam a2200241Ia 4500
008 160803s9999 xx 000 0 und d
020 _a0 439287162
100 _aDemarest, Chris L.
245 _aFirefighters A to Z /
245 _cChris L. Demarest.
260 _aNew York :
260 _bScholastic Inc.
260 _c2000
300 _a32 unnumbered pages :
300 _bcolor illustrations ;
300 _c31 cm
500 _aReprint: Originally published: New York ; Margaret K. McElderry Books for Children, ©2000.
650 _aFire extinction --
650 _aFire fighters --
650 _xJuvenile literature.
650 _xJuvenile literature.
700 _a310
999 _c299283
_d299283